Idealy i prestuplenija novejšaja istorija Rossii: dialektika sobytij i ličnostej

Salvato in:
Dettagli Bibliografici
Autore principale: Ožerel'jev, Oleg Ivanovič
Natura: Libro
Lingua:russo
Pubblicazione: Moskva Chudožestvennaja literatura 2016
Soggetti:
Tags: Aggiungi Tag
Nessun Tag, puoi essere il primo ad aggiungerne!!

MARC

LEADER 00000nam a2200000 4500
001 0222834
005 20240314103449.9
020 |a 978-5-280-03757-1 
041 0 |a rus 
044 |a RU 
245 1 0 |a Idealy i prestuplenija  |b novejšaja istorija Rossii: dialektika sobytij i ličnostej  |c Oleg Ožereliev 
264 1 |a Moskva  |b Chudožestvennaja literatura  |c 2016 
300 |a 349 s. 
610 2 0 |a história 
610 2 0 |a Rusko 
610 2 0 |a ZSSR 
610 2 0 |a Ukrajina 
100 1 |a Ožerel'jev, Oleg Ivanovič